000 00826nam a22002417a 4500
999 _c16868
_d16868
003 AR-CdUCM
008 190506b ||||| |||| 00| 0 spa d
040 _aMUNICIPALIDAD PROVINCIAL DEL CUSCO
_cBIBLIOTECA MUNICIPAL DEL CUSCO
041 _heng.
082 _22ed.
_a510 /
_bA43
100 _aAllendoerfer, Carl B
_923402
245 _aFundamentos de matemáticas universitarias /
260 _aMéxico :
_bMcGraw-Hill,
_c1970.
300 _a600 paginas ;
_bDiagramas,
_c23 cm.
505 _aContenido :Tratado moderno de aquellos tópicos que son necesarios en matemáticas /
650 _aMatematicas
_99398
650 _aAlgebra
_920185
650 _aAnálisis matemáticos
_919850
650 _aCalculo
_918765
700 _aTrinidad Cuellar (traductor)
_936582
942 _2ddc
_cLIBROS
945 _arjall
_d2019-05-06